<?xml version="1.0" encoding="UTF-8"?><?xml-stylesheet type="text/xsl" href="static/style.xsl"?><OAI-PMH xmlns="http://www.openarchives.org/OAI/2.0/" xmlns:xsi="http://www.w3.org/2001/XMLSchema-instance" xsi:schemaLocation="http://www.openarchives.org/OAI/2.0/ http://www.openarchives.org/OAI/2.0/OAI-PMH.xsd"><responseDate>2026-04-17T14:59:30Z</responseDate><request verb="GetRecord" identifier="oai:www.recercat.cat:2445/111540" metadataPrefix="marc">https://recercat.cat/oai/request</request><GetRecord><record><header><identifier>oai:recercat.cat:2445/111540</identifier><datestamp>2025-12-05T10:30:30Z</datestamp><setSpec>com_2072_1057</setSpec><setSpec>col_2072_478770</setSpec><setSpec>col_2072_478917</setSpec></header><metadata><record xmlns="http://www.loc.gov/MARC21/slim" xmlns:dcterms="http://purl.org/dc/terms/" xmlns:xsi="http://www.w3.org/2001/XMLSchema-instance" xmlns:doc="http://www.lyncode.com/xoai" xsi:schemaLocation="http://www.loc.gov/MARC21/slim http://www.loc.gov/standards/marcxml/schema/MARC21slim.xsd">
   <leader>00925njm 22002777a 4500</leader>
   <datafield ind2=" " ind1=" " tag="042">
      <subfield code="a">dc</subfield>
   </datafield>
   <datafield ind2=" " ind1=" " tag="720">
      <subfield code="a">Bodí Ramiro, Julio</subfield>
      <subfield code="e">author</subfield>
   </datafield>
   <datafield ind2=" " ind1=" " tag="720">
      <subfield code="a">Bustamante Danilo, Javiera</subfield>
      <subfield code="e">author</subfield>
   </datafield>
   <datafield ind2=" " ind1=" " tag="720">
      <subfield code="a">Canals Ossul, Alejandra</subfield>
      <subfield code="e">author</subfield>
   </datafield>
   <datafield ind2=" " ind1=" " tag="720">
      <subfield code="a">Concha Mathiesen, Roberto</subfield>
      <subfield code="e">author</subfield>
   </datafield>
   <datafield ind2=" " ind1=" " tag="720">
      <subfield code="a">Conget, Lucrecia</subfield>
      <subfield code="e">author</subfield>
   </datafield>
   <datafield ind2=" " ind1=" " tag="720">
      <subfield code="a">González Meza, Yadur Nahel</subfield>
      <subfield code="e">author</subfield>
   </datafield>
   <datafield ind2=" " ind1=" " tag="720">
      <subfield code="a">Gracia Sánchez, Mercè</subfield>
      <subfield code="e">author</subfield>
   </datafield>
   <datafield ind2=" " ind1=" " tag="720">
      <subfield code="a">Roigé, Xavier</subfield>
      <subfield code="e">author</subfield>
   </datafield>
   <datafield ind2=" " ind1=" " tag="720">
      <subfield code="a">Van Geert, Fabien</subfield>
      <subfield code="e">author</subfield>
   </datafield>
   <datafield ind2=" " ind1=" " tag="260">
      <subfield code="c">2017-05-25T10:48:01Z</subfield>
   </datafield>
   <datafield ind2=" " ind1=" " tag="260">
      <subfield code="c">2017-05-25T10:48:01Z</subfield>
   </datafield>
   <datafield ind2=" " ind1=" " tag="260">
      <subfield code="c">2017</subfield>
   </datafield>
   <datafield ind2=" " ind1=" " tag="520">
      <subfield code="a">Fabien Van Geert, Xavier Roigé, Lucrecia Conget (coords.)</subfield>
   </datafield>
   <datafield ind2=" " ind1=" " tag="520">
      <subfield code="a">Conté: De los usos políticos del patrimonio / Fabien Van Geert y Xavier Roigé -- Museografiar el multiculturalismo. Un recorrido histórico de las dinámicas de representación / Fabien Van Geert -- Participación y representación de los pueblos originarios en los museos. El caso del Museo Mapuche de Cañete Ruka Kimvn Taiñ Volil / Alejandra Canals Ossul -- Museos comunitarios de México. Ecos de la diversidad cultural a través del patrimonio / Yadur Nahel González Meza -- Vida social de la «Tapati Rapa Nui». Usos de una festividad en Isla de Pascua / Roberto Concha M. -- Usos políticos reivindicativos del patrimonio en la ciudad. El caso de la red Vecinos por la Defensa del Barrio Yungay (Santiago de Chile) / Lucrecia Conget Iribar Trabajo, identidad y memoria oral en el proceso de patrimonialización industrial del Puerto de Sagunto / Julio Bodí Ramiro -- Caminos de la memoria. Patrimonio y derechos humanos en las tramas de reparación y reivindicación / Javiera Bustamante Danilo --Los usos políticos del patrimonio en periodos de conflicto: la utilización política del patrimonio cultural catalán durante la Guerra Civil española / Mercè Gracia Sánchez</subfield>
   </datafield>
   <datafield ind2=" " ind1=" " tag="520">
      <subfield code="a">El patrimonio es con frecuencia motivo de conflictos, de oposiciones y de discrepancias políticas. Este libro analiza los usos políticos que se hacen de él en aspectos relacionados con las identidades, las luchas sociales, los enfrentamientos vecinales, las reivindicaciones de las sociedades indígenas e incluso en contextos de guerra, a partir del estudio de casos etnográficos procedentes de Latinoamérica, Europa y España. Los autores, a través de sus exploraciones en la museografía y las políticas culturales, van más allá del análisis del patrimonio para interrogarse sobre los escenarios y los discursos por los que discurren los mecanismos de apropiación y confrontación en el campo patrimonial.</subfield>
   </datafield>
   <datafield ind2=" " ind1=" " tag="520">
      <subfield code="a">Este libro ha sido escrito en el marco de los proyectos de investigación financiados por el Ministerio de Economía, Industria y Competitividad: CSO2011-29413 ("Patrimonialización y redefinición de la ruralidad. Nuevos usos del patrimonio local") y CSO2015-68611 ("EI patrimonio cultural y natural en tiempos de crisis. Retos, adaptaciones y estrategias en contextos locales"). Sus artículos han sido revisados por pares para evaluar su calidad científica. La edición de esta obra ha recibido el apoyo del Grupo de Investigación de Antropología del Parentesco y del Patriomonio (GRAPP) (SGR 2014 1156).</subfield>
   </datafield>
   <datafield tag="653" ind2=" " ind1=" ">
      <subfield code="a">Patrimoni cultural</subfield>
   </datafield>
   <datafield tag="653" ind2=" " ind1=" ">
      <subfield code="a">Política</subfield>
   </datafield>
   <datafield tag="653" ind2=" " ind1=" ">
      <subfield code="a">Identitat col·lectiva</subfield>
   </datafield>
   <datafield ind2="0" ind1="0" tag="245">
      <subfield code="a">Usos políticos del patrimonio cultural</subfield>
   </datafield>
</record></metadata></record></GetRecord></OAI-PMH>